SEC Logos - Statistics

General Stats
  • This quiz has been taken 71 times
  • The average score is 15 of 16
Answer Stats
Picture Answer % Correct
Alabama Crimson Tide
98%
Auburn Tigers
98%
Florida Gators
98%
Louisiana State Tigers
98%
Texas A&M Aggies
98%
Texas Longhorns
98%
Georgia Bulldogs
96%
Tennessee Volunteers
96%
Kentucky Wildcats
94%
Missouri Tigers
94%
Mississippi Rebels
92%
Arkansas Razorbacks
90%
Oklahoma Sooners
90%
Vanderbilt Commodores
90%
Mississippi State Bulldogs
88%
South Carolina Gamecocks
86%
No matching quizzes found
Score Distribution
Percent of People with Each Score
Percentile by Number Answered
Your Score History
You have not taken this quiz